00393cam a2200157ua 45000010005000000080039000050400009000440820012000531000025000652450043000902500012001332600041001453000010001866530012001966530027002085864131026n ii |||gr||||Z||||||eng cMAIN a954.025 aSharma,S.R,eAuthor. aMughal Empire In Indiacby S.R. Sharma b1st ed. aAgra:bLaxmi Narayan Agarwal,c1966. a653p. aHistory aMughal Empire In India